=LDR 00000nam 2200000 4500 =001 INLIS000000001052283 =005 20240822074707 =035 ##$$a 0010-0824000101 =007 ta =008 240822###########################0###### =020 ##$$a 978-89-6329-592-3 =082 ##$$a 028.55 =084 ##$$a 028.55 YAN p =100 #$$a Yang Yeonju =245 1#$$a Pesulap peniup balon /$c Yang Yeonju; ilustrator, Lee Jong-Gyun =260 ##$$a Gyeonggi-do :$b Korea Tolstoi,$c 2008 =300 ##$$a 31 hlm. : $b ilus. ; $c 26 cm =650 #4$$a Bacaan kanak-kanak =700 #$$a Lee Jong-Gyun (ilustrator) =990 ##$$a 3202401664 =990 ##$$a 3202401664